Memoria y archivo oral: hijos e hijas de detenidos desaparecidos

Guardat en:
Dades bibliogràfiques
Autors principals: Verdejo R., María Rosa (Autor), Mxaureira L., Gloria (Autor), Dalla Porta F., María Teresa (Autor)
Format: Llibre
Idioma:espanyol
Publicat: Santiago PIDEE 2014
Edició:1a. ed
Matèries:
Etiquetes: Afegir etiqueta
Sense etiquetes, Sigues el primer a etiquetar aquest registre!

MARC

LEADER 00000cam a2200000 a 4500
001 UCE2175
003 CL-VaPUC
008 140612e20140300cl |||||||||||||||||spa|d
020 |a 9789567123124 
082 0 4 |a 365.450983  |b VER  |2 21 
100 0 |a Verdejo R., María Rosa  |e author  |9 574641 
700 0 |a Mxaureira L., Gloria  |e author  |9 574642 
700 0 |a Dalla Porta F., María Teresa  |e author  |9 574643 
245 1 0 |a Memoria y archivo oral: hijos e hijas de detenidos desaparecidos 
250 |a 1a. ed 
300 |a 105 p 
942 |c BK 
945 |d 20140612 14:08:00  |a dcastane 
260 |a Santiago  |b PIDEE  |c 2014 
500 |a Incluye DVD 
650 7 |a PRESOS POLITICOS  |2 CL-VaPUC  |9 574644 
650 0 |a Detenidos desaparecidos  |9 392335 
650 0 |a Derechos humanos  |9 223025 
650 0 |a Historia de Chile siglo 20  |9 268145 
583 |a last modification  |c 20140612 14:08:00  |k Rodrigo Vera 
999 |c 355838  |d 355836 
952 |0 0  |1 0  |3 erb  |4 0  |6 365_450983000000000_VER_2014  |7 0  |8 A  |9 462730  |a BIBHIS  |b BIBHIS  |i 5082986  |o 365.450983 VER 2014  |p 5082986  |r 2025-01-20  |w 2019-11-23  |y BK  |z Catalogado en:20140612  |k HIS